00730nam a2200217Ia 4500003000900000008004100009020002200050040001600072080002000088100002500108245005500133250001300188260003900201300002200240650004100262650003100303650001900334942000700353999001700360952013500377IN-BaIIA211028s9999 xx 000 0 eng d a978-81-265-2422-8 cIIA Library a621.396.67bBAL aBalanis, C. A934805 0aAntenna theorybanalysis and designcC. A. Balanis a3rd rep. aNew DelhibJohn Wiley & Sonsc2011 axvii, 1117p. + cd aAntenna - analysis and design934806 aAntenna measurements97141 aAntennas92176 cBK c18198d18198 00104070aBANbBANcGENd2012-01-02eSIP g529.00l0o621.396.67/ BALp19120r2021-11-05v529.00w2012-01-02yBKGRs. 529.00